000 00362pab a2200157 454500
008 180718b2001 xxu||||| |||| 00| 0 eng d
100 _aZoellick, Robert B.
245 _aThe Bush trade agenda
260 _c2001
300 _ap.128-34
362 _aMar-Apr
650 _aUnited States - Commerce
650 _aTrade
773 _aEncounter
909 _a50096
999 _c50096
_d50096